000 00553nam a2200217Ia 4500
003 OSt
005 20220926042246.0
006 a|||||r|||| 00| 0
007 ta
008 220923b |||||||| |||| 00| 0 eng d
037 _cGeneral Book
040 _aRTL
_cRTL
_beng
041 _2eng
_aeng
082 _aX9(J):(Z).2, C9
100 _aHUME A O
_9346007
245 0 _aAgricultural reform in india
260 _c1899
650 _aLand Reforms Industry
942 _hX9(J):(Z).2, C9
_cGB
_2CC
999 _c669263
_d669263